[Event "I Miedzynarodowy Memorial Ireny Warakomskiej - Open B"]
[Site "Suwalki"]
[Date "2017-08-12"]
[Round "2.28"]
[White "Tylenda, Krzysztof "]
[Black "Litner, Igor "]
[Result "1-0"]
[WhiteTitle ""]
[BlackTitle ""]
[WhiteElo "1750"]
[BlackElo "1991"]

1. e4 d6 2. d4 Nf6 3. Nc3 Nbd7 4. f3 e5 5. d5 c6 6. Be3 cxd5 7. Nxd5 Nxd5 8. Qxd5
Be7 9. O-O-O O-O 10. Qb3 a6 11. Bc4 b5 12. Bd5 Rb8 13. Ba7 Rb6 14. Bxb6 Nxb6 15.
Kb1 Nxd5 16. Qxd5 Qa5 17. Qd2 Qb6 18. Ne2 b4 19. Ng3 g6 20. h4 h5 21. Nf1 Be6
22. Ne3 a5 23. Nd5 Bxd5 24. Qxd5 a4 25. g4 hxg4 26. fxg4 Kg7 27. h5 Qe3 28. Rdf1
a3 29. h6+ Kh8 30. Rxf7 axb2 31. Rxf8+ Bxf8 32. h7 1-0

[Event "I Miedzynarodowy Memorial Ireny Warakomskiej - Open B"]
[Site "Suwalki"]
[Date "2017-08-12"]
[Round "2.29"]
[White "Semczuk, Jerzy "]
[Black "Kukorowski, Jan"]
[Result "1-0"]
[WhiteTitle ""]
[BlackTitle ""]
[WhiteElo "1989"]
[BlackElo "1670"]

1. e4 e6 2. d4 d5 3. Nc3 Nf6 4. Bg5 Bb4 5. e5 h6 6. Bd2 Bxc3 7. bxc3 Ne4 8. Bd3
Nxd2 9. Qxd2 c5 10. Nf3 Nc6 11. O-O O-O 12. Qe3 Bd7 13. Nd2 f6 14. exf6 Qxf6 15.
Nf3 Rae8 16. Bb5 Nb8 17. Bxd7 Nxd7 18. Rae1 Re7 19. Re2 Rc8 20. Rfe1 b6 21. Qd3
Nf8 22. c4 dxc4 23. Qxc4 Rcc7 24. d5 exd5 25. Qxd5+ Kh8 26. Ne5 Rcd7 27. Qe4 Rd4
28. Qe3 Rd5 29. f4 Rd4 30. g3 Kh7 31. Ng4 Rxe3 32. Nxf6+ gxf6 33. Rxe3 Nd7 34.
Rd3 Rxd3 35. cxd3 1-0

[Event "I Miedzynarodowy Memorial Ireny Warakomskiej - Open B"]
[Site "Suwalki"]
[Date "2017-08-12"]
[Round "2.30"]
[White "Golecki, Jan "]
[Black "Milewski, Karol"]
[Result "0-1"]
[WhiteTitle ""]
[BlackTitle ""]
[WhiteElo "1957"]
[BlackElo "1747"]

1. e4 c5 2. Nf3 d6 3. d4 cxd4 4. Qxd4 Nc6 5. Bb5 Bd7 6. Qd3 g6 7. Nc3 Bg7 8. O-O
Nf6 9. Be3 O-O 10. a4 Bg4 11. Bxc6 bxc6 12. Nd4 Qc7 13. f3 Bd7 14. b4 e5 15. Nb3
Be6 16. Ne2 d5 17. Nc5 Rfe8 18. Nc1 Rad8 19. Qe2 Bc8 20. N1b3 h6 21. c4 d4 22.
Bd2 Be6 23. Qd3 g5 24. b5 Nd7 25. Nxe6 Rxe6 26. Ba5 Qb8 27. Bxd8 Qxd8 28. a5 h5
29. Rfc1 g4 30. c5 Bh6 31. Rc2 Qh4 32. Nd2 Be3+ 33. Kh1 Rg6 34. Nf1 Nxc5 35. Rxc5
Qf2 36. Nxe3 gxf3 37. Rg1 dxe3 38. g3 e2 39. Rcc1 cxb5 40. Qd8+ Kg7 41. Qd3 Rf6
42. g4 Qd4 43. gxh5+ Kh7 44. Qxb5 Qxe4 45. Qb1 Qxb1 46. Rxb1 f2 47. Kg2 f1=Q+
48. Rgxf1 Rxf1 49. Rxf1 exf1=Q+ 50. Kxf1 Kh6 51. Ke2 Kxh5 52. Kd3 f5 53. Kc4 f4
54. a6 0-1

[Event "I Miedzynarodowy Memorial Ireny Warakomskiej - Open B"]
[Site "Suwalki"]
[Date "2017-08-12"]
[Round "2.31"]
[White "Jankowiak, Tomasz"]
[Black "Czaplewska, Klara"]
[Result "1-0"]
[WhiteTitle ""]
[BlackTitle ""]
[WhiteElo "1905"]
[BlackElo "1934"]

1. e4 e5 2. Nf3 Nc6 3. Bb5 a6 4. Ba4 Nf6 5. O-O Be7 6. Re1 d6 7. c3 Bg4 8. h3 Bh5
9. d3 Qd7 10. Bg5 h6 11. Bxf6 Bxf6 12. Bxc6 bxc6 13. Nxe5 dxe5 14. Qxh5 Qxd3 15.
Na3 Qd7 16. Rad1 Qe6 17. Qg4 Qxg4 18. hxg4 Ke7 19. Nc4 a5 20. a4 Ke6 21. g3 h5
22. gxh5 Rxh5 23. Kg2 Be7 24. Rh1 Rxh1 25. Rxh1 g6 26. Kf3 Bc5 27. Ke2 Bb6 28.
Rh6 Re8 29. Kf3 Rd8 30. Ke2 Re8 31. Rh7 g5 32. Rh6+ f6 33. Rh7 Rb8 34. Kf1 Ra8
35. f3 Rb8 36. Ke2 Ra8 37. Kd3 Rd8+ 38. Ke2 Rb8 39. Kf1 Ra8 40. Ke1 Rb8 41. Ke2
Ra8 42. Nxb6 cxb6 43. Rb7 Ra6 44. Kf2 Kd6 45. Kg2 Ke6 46. Kh3 b5 47. axb5 cxb5
48. Rxb5 a4 49. Kg4 a3 50. bxa3 Rxa3 51. Rb6+ Ke7 52. Rc6 Ra1 53. Kf5 Rf1 54.
f4 gxf4 55. g4 Rc1 56. Re6+ Kd7 57. Rxf6 Rxc3 58. Kxe5 f3 59. Kf4 f2 60. Kg5 Rc2
61. Kh5 Ke7 62. g5 Re2 63. Kh6 Rxe4 64. Rxf2 Rh4+ 65. Kg7 Rg4 66. Re2+ Kd8 67.
g6 Rg1 68. Kh7 Rh1+ 69. Kg8 Rg1 70. g7 Rg3 71. Rh2 Ke8 72. Kh7 1-0

[Event "I Miedzynarodowy Memorial Ireny Warakomskiej - Open B"]
[Site "Suwalki"]
[Date "2017-08-12"]
[Round "2.32"]
[White "Sobczak, Miroslaw"]
[Black "Koloczek, Maciej "]
[Result "1-0"]
[WhiteTitle ""]
[BlackTitle ""]
[WhiteElo "1925"]
[BlackElo "1764"]

1. e4 e6 2. d4 d5 3. Nc3 Nf6 4. e5 Nfd7 5. f4 c5 6. Nf3 Nc6 7. Be3 Be7 8. Qd2 a6
9. O-O-O c4 10. f5 b5 11. Ng5 Nb6 12. fxe6 Bxe6 13. Nxe6 fxe6 14. Ne2 b4 15. Nf4
Qd7 16. Qe2 O-O 17. Qg4 Rf5 18. Nh5 g6 19. Ng3 Na4 20. Nxf5 exf5 21. Qf3 Na5 22.
b3 cxb3 23. axb3 Nc3 24. Bd3 Rc8 25. Kd2 Nxd1 26. Rxd1 Qc6 27. Ke2 Nb7 28. g4
fxg4 29. Qxg4 Bf8 30. h4 Bg7 31. h5 gxh5 32. Qxh5 h6 33. Rg1 Kh8 34. Qf5 Kg8 35.
Qh7+ 1-0

[Event "I Miedzynarodowy Memorial Ireny Warakomskiej - Open B"]
[Site "Suwalki"]
[Date "2017-08-12"]
[Round "2.33"]
[White "Kupsik, Joanna "]
[Black "Wolanski, Michal "]
[Result "0-1"]
[WhiteTitle ""]
[BlackTitle ""]
[WhiteElo "1703"]
[BlackElo "1920"]

1. e4 c5 2. Nf3 Nc6 3. d4 cxd4 4. Nxd4 g6 5. c4 Bg7 6. Be3 Nf6 7. Nc3 Nxd4 8. Bxd4
d6 9. f3 O-O 10. Be2 a5 11. b3 Bd7 12. Rc1 Bc6 13. O-O Nd7 14. Be3 Nc5 15. Qd2
Be5 16. Nd5 e6 17. Nc3 Qh4 18. g3 Bxg3 19. hxg3 Qxg3+ 20. Kh1 f5 21. Rf2 fxe4
22. Rg1 Qh4+ 23. Rh2 Qe7 24. f4 Nd3 25. Rg4 Rxf4 26. Nd5 Bxd5 27. cxd5 Rxg4 28.
Bxg4 exd5 29. Bd4 a4 30. Qh6 Ne5 31. b4 Nxg4 32. Qh4 Qxh4 33. Rxh4 h5 34. Rh3
Rc8 35. a3 Rc4 36. Bb6 e3 37. Kg2 e2 38. Rh1 d4 39. Kf3 d3 40. Bd8 d5 41. Bg5
Re4 42. Bd2 Ne5+ 43. Kf2 Nc4 44. Ke1 Nxd2 45. Kxd2 e1=Q+ 46. Rxe1 Rxe1 47. Kxe1
h4 0-1

[Event "I Miedzynarodowy Memorial Ireny Warakomskiej - Open B"]
[Site "Suwalki"]
[Date "2017-08-12"]
[Round "2.34"]
[White "Kalejta, Arkadiusz "]
[Black "Duda, Lucas"]
[Result "0-1"]
[WhiteTitle ""]
[BlackTitle ""]
[WhiteElo "1677"]
[BlackElo "1906"]

1. e4 e5 2. Nf3 Nc6 3. Bb5 a6 4. Ba4 Nf6 5. O-O Be7 6. Re1 b5 7. Bb3 d6 8. c3 O-O
9. d4 Bg4 10. Be3 exd4 11. cxd4 d5 12. e5 Ne4 13. Nc3 Nxc3 14. bxc3 Qd7 15. Bc2
Bh5 16. h3 Nd8 17. g4 Bg6 18. Bg5 Ne6 19. Bxe7 Qxe7 20. Bf5 Ng5 21. Nxg5 Bxf5
22. gxf5 Qxg5+ 23. Qg4 Qh6 24. Re3 Rfe8 25. Rae1 Re7 26. f6 Re6 27. f4 Rae8 28.
f5 Rxf6 29. Kf2 Rc6 30. Qf3 b4 31. cxb4 Qh4+ 32. Kg2 Qxd4 33. e6 fxe6 34. Rxe6
Rc2+ 35. Kh1 Rf8 36. R1e2 Rc1+ 37. Re1 Rc2 38. R1e2 Rc1+ 39. Re1 Rc3 40. R1e3
Rxe3 41. Rxe3 Qa1+ 42. Kh2 Qxa2+ 43. Re2 Qc4 44. f6 Rxf6 45. Qh5 Qf4+ 46. Kh1
Qf3+ 47. Qxf3 Rxf3 48. Kg2 Rf4 49. Rc2 Rxb4 50. Rxc7 Rf4 51. Rc5 Rf5 52. Ra5 Kf7
53. Rxa6 Rf6 54. Ra7+ Ke6 55. Kg3 Ke5 56. h4 d4 57. h5 d3 58. Re7+ Re6 59. Rd7
Rd6 60. Rxd6 Kxd6 61. h6 d2 0-1

[Event "I Miedzynarodowy Memorial Ireny Warakomskiej - Open B"]
[Site "Suwalki"]
[Date "2017-08-12"]
[Round "2.35"]
[White "Ziemski, Przemyslaw"]
[Black "Kwasniewski, Pawel "]
[Result "1/2-1/2"]
[WhiteTitle ""]
[BlackTitle ""]
[WhiteElo "1902"]
[BlackElo "1702"]

1. e4 c6 2. d4 d5 3. exd5 cxd5 4. Nc3 Nf6 5. Bf4 Bf5 6. Bd3 Bxd3 7. Qxd3 e6 8.
Nf3 Be7 9. O-O O-O 10. Ne2 Nc6 11. c3 a6 12. Ng3 Bd6 13. Ne5 Qc7 14. Rae1 Rfe8
15. Nxc6 Bxf4 16. Ne5 Nd7 17. Nxd7 Qxd7 18. Nh5 Qc7 19. Nxf4 Qxf4 20. g3 Qf6 21.
f4 g6 22. g4 Rac8 23. Re2 Kh8 24. Qg3 b5 25. a3 Rc4 26. h4 Rec8 27. Rh2 h5 28.
Qf3 Rg8 29. Kh1 hxg4 30. Qxg4 Qf5 31. Qg5 Kg7 32. Rg1 Qxg5 33. fxg5 Rc7 34. Rf1
a5 35. Rf3 1/2-1/2

[Event "I Miedzynarodowy Memorial Ireny Warakomskiej - Open B"]
[Site "Suwalki"]
[Date "2017-08-12"]
[Round "2.36"]
[White "Wierzbicki, Michal "]
[Black "Ziemski, Jaroslaw"]
[Result "1-0"]
[WhiteTitle ""]
[BlackTitle ""]
[WhiteElo "1890"]
[BlackElo "1668"]

1. d4 d5 2. Nf3 Nf6 3. c4 e6 4. cxd5 exd5 5. Nc3 c6 6. Qc2 Bb4 7. Bg5 Qd6 8. e3
Ne4 9. Bf4 Bxc3+ 10. bxc3 Qa3 11. Rc1 Bf5 12. Bd3 O-O 13. O-O Qe7 14. Ng5 h6 15.
Nxe4 Bxe4 16. Bxe4 Qxe4 17. Qxe4 dxe4 18. c4 Nd7 19. Rb1 b6 20. a4 g5 21. Bd6
Rfe8 22. Rfc1 Re6 23. c5 f5 24. Bc7 bxc5 25. dxc5 Nf6 26. Rb7 Re7 27. Rcb1 Nd5
28. Bb8 Rxb7 29. Rxb7 a5 30. Be5 Re8 31. Bd4 f4 32. Rg7+ Kf8 33. Rh7 Re6 34. Ra7
Nb4 35. Rxa5 Nc2 36. Ra8+ Ke7 37. a5 Nxd4 38. exd4 e3 39. fxe3 fxe3 40. Kf1 Kd7
41. a6 Kc7 42. Rf8 1-0

[Event "I Miedzynarodowy Memorial Ireny Warakomskiej - Open B"]
[Site "Suwalki"]
[Date "2017-08-12"]
[Round "2.37"]
[White "Tomicki, Marek "]
[Black "Widelski, Kacper "]
[Result "0-1"]
[WhiteTitle ""]
[BlackTitle ""]
[WhiteElo "1649"]
[BlackElo "1880"]

1. e4 c5 2. Nf3 Nc6 3. d4 cxd4 4. Nxd4 Nf6 5. Nc3 e5 6. Nb3 Bb4 7. Bg5 h6 8. Bxf6
Qxf6 9. Qd3 d6 10. Be2 Qg6 11. O-O-O Bxc3 12. Qxc3 O-O 13. Qe3 f5 14. f3 Rd8 15.
Bc4+ Kh8 16. g3 Bd7 17. Rd2 Ne7 18. Rf1 a5 19. Qb6 Nc6 20. a4 fxe4 21. fxe4 Qxe4
22. Bb5 Nb4 23. Bxd7 Rxd7 24. Nc5 dxc5 0-1

[Event "I Miedzynarodowy Memorial Ireny Warakomskiej - Open B"]
[Site "Suwalki"]
[Date "2017-08-12"]
[Round "2.38"]
[White "Bartoszewicz, Marcin "]
[Black "Matuszczyk, Mateusz"]
[Result "1-0"]
[WhiteTitle ""]
[BlackTitle ""]
[WhiteElo "1875"]
[BlackElo "1666"]

1. e4 Nc6 2. Nf3 e5 3. Bb5 Nd4 4. Nxd4 exd4 5. d3 Bb4+ 6. c3 dxc3 7. Nxc3 Nf6 8.
O-O c6 9. Bc4 O-O 10. Bg5 h6 11. Bh4 d5 12. exd5 Bxc3 13. bxc3 cxd5 14. Bxf6 Qxf6
15. Bxd5 Qxc3 16. Qf3 Rb8 17. Rae1 Be6 18. Bxe6 fxe6 19. Qe4 Rf6 20. Qe3 Qa5 21.
h3 Rd8 22. Re2 b5 23. Rc1 b4 24. Qg3 Qf5 25. Re3 Rg6 26. Qf3 Qxf3 27. Rxf3 Rg5
28. Rc6 Ra5 29. Rf4 Rxa2 30. Rxb4 Rd7 31. Rxe6 a5 32. Rb8+ Kf7 33. Re3 Ra7 34.
Ree8 a4 35. Ra8 Rxa8 36. Rxa8 Ke6 37. Ra5 a3 38. d4 Kd6 39. d5 Ra1+ 40. Kh2 a2
41. Kg3 Kc7 42. Kg4 Kb6 43. Ra8 Kc5 44. Kf5 Kxd5 45. g4 g5 46. Kg6 Rh1 47. Rxa2
Rxh3 48. Re2 Kd4 49. Re8 Rh4 50. f3 Kd3 51. Re6 Kd4 52. Kg7 h5 53. Kg6 Rh3 54.
Kxg5 h4 55. Kf4 Rh1 56. Re2 Kd5 57. g5 h3 58. Kf5 Kd6 59. f4 Rg1 60. Rh2 Rg3 61.
Kf6 Kd5 62. f5 Ke4 63. g6 Ra3 64. g7 Ra6+ 65. Kg5 Ra3 66. f6 Rg3+ 67. Kh4 1-0

[Event "I Miedzynarodowy Memorial Ireny Warakomskiej - Open B"]
[Site "Suwalki"]
[Date "2017-08-12"]
[Round "2.39"]
[White "Szczygiel, Konrad"]
[Black "Wolagiewicz, Kinga "]
[Result "1/2-1/2"]
[WhiteTitle ""]
[BlackTitle ""]
[WhiteElo "1862"]
[BlackElo "1611"]

1. d4 d5 2. c4 e6 3. Nc3 Nf6 4. Nf3 c6 5. e3 Nbd7 6. b3 Bb4 7. Bd2 Bxc3 8. Bxc3
Ne4 9. Qc2 O-O 10. Bd3 Nxc3 11. Qxc3 dxc4 12. bxc4 c5 13. O-O b6 14. Rfd1 Qf6
15. Be4 Rb8 16. Qa3 a5 17. Bc6 Qe7 18. Rab1 Rd8 19. Rd2 Kf8 20. h3 cxd4 21. Qxe7+
Kxe7 22. exd4 Ba6 23. Bxd7 Rxd7 24. Ne5 Rc7 25. d5 exd5 26. cxd5 Kd6 27. Nc6 Rbb7
28. Rc1 h6 29. Rdc2 Bd3 30. Rc3 Be4 31. Nd8 Ra7 32. Rc6+ Rxc6 33. dxc6 Bxc6 34.
Rxc6+ Kd7 35. Rxb6 Kxd8 36. a4 Kc7 37. Rb5 Kc6 38. Kf1 f6 39. Ke2 Re7+ 40. Kf3
Re5 41. Rb8 1/2-1/2

[Event "I Miedzynarodowy Memorial Ireny Warakomskiej - Open B"]
[Site "Suwalki"]
[Date "2017-08-12"]
[Round "2.40"]
[White "Milanowski, Jan"]
[Black "Huchwajda, Grzegorz"]
[Result "1-0"]
[WhiteTitle ""]
[BlackTitle ""]
[WhiteElo "1815"]
[BlackElo "1566"]

1. c4 c5 2. Nc3 Nc6 3. g3 g6 4. Bg2 Bg7 5. d3 e6 6. Bf4 e5 7. Bd2 Nge7 8. Qc1 d6
9. Rb1 Rb8 10. a3 a5 11. b3 O-O 12. h4 h5 13. Nh3 Bf5 14. Ng5 Na7 15. Nd5 Nac6
16. Nc3 Na7 17. Nge4 Qd7 18. Bh6 f6 19. Bd2 b5 20. O-O b4 21. axb4 axb4 22. Na4
Nac6 23. Bh6 Kh7 24. Bxg7 Kxg7 25. e3 Nc8 26. Qd2 Nb6 27. Nxb6 Rxb6 28. Ra1 Rb7
29. Ra4 Rc8 30. Rfa1 Rcc7 31. Ra6 Ra7 32. R1a4 Rxa6 33. Rxa6 Bxe4 34. Bxe4 f5
35. Bg2 Ne7 36. Qb2 Ra7 37. Qa1 Rxa6 38. Qxa6 Kf6 39. Qb6 Kf7 40. Qb8 Ke6 41.
Qb6 Kf6 42. d4 exd4 43. exd4 Nc8 44. Qb8 cxd4 45. Qxb4 Qa7 46. Bb7 Qb6 47. Qxb6
Nxb6 48. Kf1 g5 49. Bf3 g4 50. Bc6 Ke5 51. Ke2 f4 52. Be8 fxg3 53. fxg3 d5 54.
c5 Nc8 55. b4 d3+ 56. Kxd3 Ne7 57. b5 Nc8 58. b6 1-0

[Event "I Miedzynarodowy Memorial Ireny Warakomskiej - Open B"]
[Site "Suwalki"]
[Date "2017-08-12"]
[Round "2.41"]
[White "Tarnowska, Aleksandra"]
[Black "Chin, Shun Yi"]
[Result "1-0"]
[WhiteTitle ""]
[BlackTitle ""]
[WhiteElo "1807"]
[BlackElo "1521"]

1. e4 e6 2. d4 d5 3. Nd2 c5 4. exd5 Qxd5 5. Ngf3 cxd4 6. Bc4 Qd6 7. O-O Nf6 8.
Nb3 Nc6 9. Nbxd4 Nxd4 10. Nxd4 a6 11. Re1 Be7 12. Be3 O-O 13. Qf3 Qc7 14. Bd3
Rb8 15. Rad1 b5 16. Bf4 Bd6 17. Nxb5 axb5 18. Bxd6 Bb7 19. Bxc7 Bxf3 20. gxf3
Rbc8 21. Bd6 Rfd8 22. Be7 Rd5 23. Bxf6 gxf6 24. Re4 h5 25. Rb4 Rcc5 26. Kh1 Kf8
27. Rg1 Ke7 28. Rg8 Re5 29. Re4 Red5 30. f4 Kd6 31. Rd8+ Kc6 32. Rxd5 Rxd5 33.
Rb4 Kb6 34. a4 Ka5 35. Rxb5+ Rxb5 36. Bxb5 e5 37. f5 1-0